[Event "6I Torneo Ciudad de Pontevedra 2018"]
[Site "Pontevedra ESP"]
[Date "2018.08.13"]
[Round "8.18"]
[White "Paiva, Henrique M A Alberg"]
[Black "Villar Perez, Samuel"]
[Result "0-1"]
[WhiteElo "2080"]
[BlackElo "2170"]
[PlyCount "66"]
[EventDate "2018.08.08"]
[EventType "swiss"]
[EventRounds "9"]
[EventCountry "ESP"]
[SourceTitle "Ajedrez en Madrid"]
[Source "lmi"]
[SourceDate "2018.08.08"]

1. e4 c5 2. Nf3 d6 3. d4 cxd4 4. Nxd4 Nf6 5. Nc3 a6 6. Be2 e5 7. Nb3 Be7 8. O-O
O-O 9. Be3 Be6 10. a4 Nbd7 11. a5 Rc8 12. Bf3 Qc7 13. Re1 Rfd8 14. Nd2 Qb8 15.
Nf1 h6 16. Na4 Rc6 17. Ng3 Rdc8 18. c3 Bd8 19. b4 b5 20. axb6 Nxb6 21. Nxb6
Bxb6 22. Rxa6 Bxe3 23. Rxc6 Bxf2+ 24. Kxf2 Rxc6 25. Qd2 Qc7 26. Re3 Ra6 27. Ne2
Ra2 28. Qd1 Qb6 29. h3 Bc4 30. Qb1 d5 31. exd5 e4 32. Qd1 exf3 33. Kxf3 Bxd5+
0-1

[Event "6I Torneo Ciudad de Pontevedra 2018"]
[Site "Pontevedra ESP"]
[Date "2018.08.13"]
[Round "8.19"]
[White "Forgas Moreno, Yaniela"]
[Black "Costa, Paulo"]
[Result "1/2-1/2"]
[WhiteElo "2299"]
[BlackElo "2170"]
[PlyCount "56"]
[EventDate "2018.08.08"]
[EventType "swiss"]
[EventRounds "9"]
[EventCountry "ESP"]
[SourceTitle "Ajedrez en Madrid"]
[Source "lmi"]
[SourceDate "2018.08.08"]

1. e4 c5 2. Nc3 e6 3. g3 Nc6 4. Bg2 Nf6 5. d3 Be7 6. f4 d5 7. e5 Ng8 8. Nf3 Nh6
9. O-O O-O 10. h3 f6 11. Kh2 Rb8 12. exf6 gxf6 13. Ne2 Bd7 14. d4 Nf5 15. c3 c4
16. g4 Nd6 17. f5 Ne4 18. Nh4 Bd6+ 19. Bf4 Qc7 20. fxe6 Bxe6 21. Kg1 Ne7 22.
Bxd6 Qxd6 23. Nf4 Kh8 24. Nxe6 Qxe6 25. Nf5 Rg8 26. Qe2 Rg5 27. Nxe7 Qxe7 28.
Bxe4 dxe4 1/2-1/2

[Event "6I Torneo Ciudad de Pontevedra 2018"]
[Site "Pontevedra ESP"]
[Date "2018.08.13"]
[Round "8.20"]
[White "Santos, Ricardo Alexandre L"]
[Black "Galiana Fernandez, Adrian"]
[Result "0-1"]
[WhiteElo "2010"]
[BlackElo "2291"]
[PlyCount "56"]
[EventDate "2018.08.08"]
[EventType "swiss"]
[EventRounds "9"]
[EventCountry "ESP"]
[SourceTitle "Ajedrez en Madrid"]
[Source "lmi"]
[SourceDate "2018.08.08"]

1. Nf3 Nf6 2. d4 g6 3. Bf4 Bg7 4. e3 d6 5. h3 O-O 6. c3 c5 7. Nbd2 cxd4 8. exd4
Nc6 9. Be2 e5 10. dxe5 dxe5 11. Be3 e4 12. Nd4 Nd5 13. Nxc6 bxc6 14. Nc4 Nxe3
15. Nxe3 Qa5 16. O-O Qg5 17. Qa4 Re8 18. Qxc6 Bxh3 19. Rad1 Rac8 20. Qb5 Re5
21. Rd5 Be6 22. Rxe5 Bxe5 23. Qb7 Rb8 24. Qxe4 Rxb2 25. Nc4 Bd5 26. Qxd5 Bh2+
27. Kxh2 Qxd5 28. Nxb2 Qe5+ 0-1

[Event "6I Torneo Ciudad de Pontevedra 2018"]
[Site "Pontevedra ESP"]
[Date "2018.08.13"]
[Round "8.21"]
[White "Cinza Lopez, Javier"]
[Black "Fernandez Lopez, Ruben"]
[Result "1-0"]
[WhiteElo "2009"]
[BlackElo "2106"]
[PlyCount "96"]
[EventDate "2018.08.08"]
[EventType "swiss"]
[EventRounds "9"]
[EventCountry "ESP"]
[SourceTitle "Ajedrez en Madrid"]
[Source "lmi"]
[SourceDate "2018.08.08"]

1. g3 Nf6 2. Bg2 g6 3. Nf3 Bg7 4. O-O O-O 5. d3 d6 6. Nbd2 c5 7. e4 Nc6 8. c3
Rb8 9. Re1 b5 10. d4 Nd7 11. d5 Nce5 12. Nxe5 Nxe5 13. Nf3 Bg4 14. h3 Nxf3+ 15.
Bxf3 Bxh3 16. Bg5 h6 17. Bf4 Bd7 18. Kg2 g5 19. Be3 f5 20. Qd2 Qe8 21. exf5
Bxf5 22. Qe2 Qg6 23. Bh5 Be4+ 24. Kg1 Qf5 25. Bg4 Qf6 26. Be6+ Kh8 27. f4 Qg6
28. fxg5 Be5 29. Bf4 Bxf4 30. Qxe4 Qxg5 31. g4 Bh2+ 32. Kg2 Rf4 33. Qd3 c4 34.
Qh3 Rbf8 35. Re2 h5 36. Qxh2 Rxg4+ 37. Bxg4 Qxg4+ 38. Kh1 Rf3 39. Rg2 Qf5 40.
Rg3 Rf2 41. Qh4 Qxd5+ 42. Kg1 Rd2 43. Qg5 Rd1+ 44. Rxd1 Qxd1+ 45. Kh2 Qc2+ 46.
Rg2 Qh7 47. Qg6 Qxg6 48. Rxg6 d5 1-0

[Event "6I Torneo Ciudad de Pontevedra 2018"]
[Site "Pontevedra ESP"]
[Date "2018.08.13"]
[Round "8.22"]
[White "Gil Reguera, Juan Carlos"]
[Black "Del Prado Rodriguez, Xulio"]
[Result "1-0"]
[WhiteElo "2085"]
[BlackElo "1671"]
[PlyCount "133"]
[EventDate "2018.08.08"]
[EventType "swiss"]
[EventRounds "9"]
[EventCountry "ESP"]
[SourceTitle "Ajedrez en Madrid"]
[Source "lmi"]
[SourceDate "2018.08.08"]

1. Nf3 g6 2. g3 Bg7 3. Bg2 e5 4. d3 Nc6 5. O-O d6 6. c3 h6 7. Nbd2 Be6 8. Qc2
Nge7 9. a4 a5 10. Rb1 Qd7 11. Rd1 O-O 12. b4 axb4 13. cxb4 Nd5 14. Ba3 Nd4 15.
Nxd4 exd4 16. a5 Nc3 17. Bxb7 Ra7 18. Bf3 Bg4 19. Bb2 Nxd1 20. Rxd1 Rb8 21. Ba3
Bxf3 22. Nxf3 Qb5 23. Nd2 Re8 24. Re1 Qh5 25. Nf3 Qd5 26. Rc1 Kh7 27. Qd2 Bf6
28. Rc4 Qe6 29. Rc2 Qd5 30. Bb2 c5 31. bxc5 dxc5 32. Ba3 Be7 33. Rb2 Rea8 34.
Rb5 Qd7 35. Rb6 Rxa5 36. Qf4 Bg5 37. Qe4 Rxa3 38. Rb7 Qe8 39. Ne5 R8a7 40.
Qxg6+ Kh8 41. Nxf7+ Qxf7 42. Rxf7 Rxf7 43. Qxf7 Ra1+ 44. Kg2 Re1 45. h4 Bd2 46.
Qf8+ Kh7 47. Qf5+ Kh8 48. Qxc5 Rxe2 49. Qxd4+ Kh7 50. Kf3 Re7 51. Qd6 Rf7+ 52.
Kg2 Bc3 53. h5 Rg7 54. Qe6 Ba5 55. Qe4+ Kh8 56. Qa8+ Rg8 57. Qxa5 Kg7 58. Qa7+
Kh8 59. Qd4+ Kh7 60. Qe4+ Kh8 61. d4 Rg5 62. d5 Rg7 63. d6 Rd7 64. Qe8+ Kg7 65.
Qxd7+ Kf8 66. Qe7+ Kg8 67. d7 1-0

[Event "6I Torneo Ciudad de Pontevedra 2018"]
[Site "Pontevedra ESP"]
[Date "2018.08.13"]
[Round "8.23"]
[White "Otero Nogueira, Brais"]
[Black "Van der Veen, Ronald"]
[Result "0-1"]
[WhiteElo "2068"]
[BlackElo "1984"]
[PlyCount "96"]
[EventDate "2018.08.08"]
[EventType "swiss"]
[EventRounds "9"]
[EventCountry "ESP"]
[SourceTitle "Ajedrez en Madrid"]
[Source "lmi"]
[SourceDate "2018.08.08"]

1. c4 c6 2. g3 d5 3. Bg2 Nf6 4. Nf3 Bf5 5. O-O Nbd7 6. d3 e5 7. b3 Bd6 8. Bb2
O-O 9. a3 Qe7 10. Nbd2 d4 11. b4 Rac8 12. Nh4 Be6 13. e4 c5 14. b5 a5 15. Nf5
Bxf5 16. exf5 b6 17. Qe2 Rfe8 18. Rae1 Qf8 19. Bc1 Re7 20. g4 g6 21. Qf3 g5 22.
h4 h6 23. Qh3 Qg7 24. Bf3 Bb8 25. Kg2 Ree8 26. Rh1 Kf8 27. Bc6 Ke7 28. f3 Rh8
29. Kf2 Rcg8 30. Reg1 Bc7 31. Qg2 Kd8 32. Rh3 gxh4 33. Rxh4 Qg5 34. Qh3 Qe3+
35. Kg2 h5 36. Kh1 hxg4 37. Qh2 g3 38. Rxg3 Qe1+ 39. Kg2 Rxh4 40. Qxh4 Rxg3+
41. Qxg3 Qxc1 42. Ne4 Qh6 43. Ng5 Ke7 44. Bxd7 Nxd7 45. Ne4 Nf6 46. Nf2 Nh5 47.
Qh4+ f6 48. Ne4 Nf4+ 0-1

[Event "6I Torneo Ciudad de Pontevedra 2018"]
[Site "Pontevedra ESP"]
[Date "2018.08.13"]
[Round "8.24"]
[White "Lemstra, Bart"]
[Black "Andias, Joao Pedro Menezes"]
[Result "1/2-1/2"]
[WhiteElo "1929"]
[BlackElo "2036"]
[PlyCount "174"]
[EventDate "2018.08.08"]
[EventType "swiss"]
[EventRounds "9"]
[EventCountry "ESP"]
[SourceTitle "Ajedrez en Madrid"]
[Source "lmi"]
[SourceDate "2018.08.08"]

1. d4 Nf6 2. c4 e6 3. Nc3 Bb4 4. e3 b6 5. Nge2 c5 6. a3 Ba5 7. Bd2 O-O 8. Nf4
Bb7 9. d5 Bxc3 10. Bxc3 exd5 11. cxd5 d6 12. Bd3 Nbd7 13. O-O Re8 14. b3 Ne5
15. Bc2 a6 16. Re1 b5 17. e4 a5 18. Nd3 Ned7 19. Nf4 Ne5 20. Nh3 Bc8 21. Nf4
Ba6 22. b4 cxb4 23. axb4 a4 24. Ne2 Nfg4 25. Ng3 Rc8 26. Bxe5 Nxe5 27. Rc1 Qb6
28. Nf5 Rc4 29. Qd2 Bc8 30. Ne3 Rd4 31. Qc3 Bd7 32. Bb1 Nc4 33. Nxc4 Rxc4 34.
Qd3 Rxc1 35. Rxc1 g6 36. Qd2 Rc8 37. Rxc8+ Bxc8 38. Qc3 Bd7 39. h3 Qd8 40. Bd3
Qg5 41. Kh1 Qf4 42. Qc7 Qe5 43. Qxd7 a3 44. Bb1 Qa1 45. Qc8+ Kg7 46. Qc2 Qd4
47. Ba2 Qxb4 48. g3 Qd4 49. Kg2 b4 50. Kf3 h5 51. h4 Kf6 52. Ke2 Kg7 53. Bb3
Kf6 54. Kf3 Kg7 55. Qe2 Qc3+ 56. Qe3 Qf6+ 57. Kg2 Qb2 58. e5 a2 59. Bxa2 Qxa2
60. Qd4 dxe5 61. Qxe5+ Kg8 62. d6 Qa8+ 63. Kh2 Qf3 64. Qd4 Qa8 65. Qxb4 Qd5 66.
Qb8+ Kh7 67. Qc7 Qf3 68. Qc5 Qd1 69. Qe5 Qf3 70. Kg1 Qd1+ 71. Kg2 Qd3 72. Qf6
Qd5+ 73. Kh2 Kg8 74. Qe7 Qc5 75. Qf6 Qd5 76. Qf4 Kg7 77. Kg1 Qd1+ 78. Kg2 Qd5+
79. Kh2 Kg8 80. Qf6 Kh7 81. Qe7 Qf3 82. Kg1 Qd1+ 83. Kh2 Qd5 84. f3 Qd2+ 85.
Kh3 Qd5 86. d7 Qxf3 87. Kh2 Qf2+ 1/2-1/2

[Event "6I Torneo Ciudad de Pontevedra 2018"]
[Site "Pontevedra ESP"]
[Date "2018.08.13"]
[Round "8.25"]
[White "Levi, Netanel"]
[Black "Vidal Fernandez, Pablo"]
[Result "1/2-1/2"]
[WhiteElo "1961"]
[BlackElo "2143"]
[PlyCount "92"]
[EventDate "2018.08.08"]
[EventType "swiss"]
[EventRounds "9"]
[EventCountry "ESP"]
[SourceTitle "Ajedrez en Madrid"]
[Source "lmi"]
[SourceDate "2018.08.08"]

1. e4 e6 2. d4 d5 3. Nd2 a6 4. Ngf3 c5 5. exd5 exd5 6. dxc5 Bxc5 7. Nb3 Bb6 8.
Be2 Nc6 9. c3 Nf6 10. O-O O-O 11. Bg5 Bg4 12. h3 Bh5 13. Bxf6 Qxf6 14. Qxd5
Rfe8 15. Rfe1 Bg6 16. Qg5 Qd6 17. Rad1 Qc7 18. Nbd4 Ne5 19. Nxe5 Rxe5 20. Qc1
Rae8 21. Kf1 R5e7 22. g3 h5 23. Bf3 Qc4+ 24. Kg2 Qxa2 25. Bxb7 h4 26. Rxe7 Rxe7
27. Bf3 hxg3 28. fxg3 Rd7 29. Qe3 Qxb2+ 30. Rd2 Qc1 31. Qe8+ Kh7 32. Re2 Bxd4
33. cxd4 Rxd4 34. Qe3 Qc4 35. h4 Rd3 36. Qf2 Bf5 37. Kh2 Qc3 38. Bg2 Qa5 39.
Qxf5+ Qxf5 40. Be4 Rf3 41. Bxf5+ Rxf5 42. Re7 Kg6 43. Ra7 a5 44. Kh3 Kf6 45.
Ra6+ Ke7 46. Ra7+ Ke6 1/2-1/2

[Event "6I Torneo Ciudad de Pontevedra 2018"]
[Site "Pontevedra ESP"]
[Date "2018.08.13"]
[Round "8.26"]
[White "Florez Rodriguez, Diego"]
[Black "Adams, Philip"]
[Result "1/2-1/2"]
[WhiteElo "2112"]
[BlackElo "1982"]
[PlyCount "103"]
[EventDate "2018.08.08"]
[EventType "swiss"]
[EventRounds "9"]
[EventCountry "ESP"]
[SourceTitle "Ajedrez en Madrid"]
[Source "lmi"]
[SourceDate "2018.08.08"]

1. Nf3 Nf6 2. g3 g6 3. Bg2 Bg7 4. O-O O-O 5. d4 d6 6. Nc3 c6 7. a4 Nbd7 8. e4
e5 9. h3 Qc7 10. Be3 b6 11. Qd2 Bb7 12. Nh2 a6 13. Ng4 Nxg4 14. hxg4 b5 15. b3
exd4 16. Bxd4 Ne5 17. f3 b4 18. Ne2 c5 19. Be3 Rfe8 20. Rad1 Rad8 21. Nf4 a5
22. Nd5 Bxd5 23. Qxd5 Qc6 24. Bf4 Qa6 25. Rfe1 Nc6 26. Bf1 Qb6 27. Bb5 Bd4+ 28.
Kg2 Ne7 29. Qc4 Rf8 30. Bg5 Qa7 31. Rh1 d5 32. exd5 Nxd5 33. Rde1 Rd6 34. Re4
Nc3 35. Re7 Qb6 36. Be8 Nd5 37. Ree1 Qb8 38. Bb5 Bf6 39. Bc1 Rfd8 40. Qe2 Nc3
41. Qe8+ Rxe8 42. Rxe8+ Qxe8 43. Bxe8 Re6 44. Bd7 Re2+ 45. Kh3 Kf8 46. g5 Bd4
47. Rh2 Ke7 48. Bc6 Rxh2+ 49. Kxh2 Kd6 50. Be8 Ke7 51. Bc6 Kd6 52. Be8 1/2-1/2

[Event "6I Torneo Ciudad de Pontevedra 2018"]
[Site "Pontevedra ESP"]
[Date "2018.08.13"]
[Round "8.27"]
[White "Lopez De Turiso, Jose Angel"]
[Black "Alvarez Pampillon, Antonio"]
[Result "1/2-1/2"]
[WhiteElo "1990"]
[BlackElo "1696"]
[PlyCount "44"]
[EventDate "2018.08.08"]
[EventType "swiss"]
[EventRounds "9"]
[EventCountry "ESP"]
[SourceTitle "Ajedrez en Madrid"]
[Source "lmi"]
[SourceDate "2018.08.08"]

1. Nf3 c5 2. c4 Nc6 3. Nc3 g6 4. g3 Bg7 5. Bg2 d6 6. O-O Rb8 7. d3 Bd7 8. h3 h6
9. Bd2 e5 10. Ne1 f5 11. Nc2 Nf6 12. Ne3 O-O 13. Ned5 Ne7 14. Rb1 Nexd5 15.
Nxd5 Nxd5 16. Bxd5+ Kh7 17. b4 Qc8 18. Kh2 Bc6 19. Bxc6 Qxc6 20. b5 Qd7 21. e4
Rf7 22. f3 Rg8 1/2-1/2

[Event "6I Torneo Ciudad de Pontevedra 2018"]
[Site "Pontevedra ESP"]
[Date "2018.08.13"]
[Round "8.28"]
[White "Avelino, Camila Biscaya"]
[Black "Casares Cabanas, Carlos"]
[Result "1/2-1/2"]
[WhiteElo "1642"]
[BlackElo "2113"]
[PlyCount "51"]
[EventDate "2018.08.08"]
[EventType "swiss"]
[EventRounds "9"]
[EventCountry "ESP"]
[SourceTitle "Ajedrez en Madrid"]
[Source "lmi"]
[SourceDate "2018.08.08"]

1. e4 c5 2. Nf3 d6 3. d4 cxd4 4. Nxd4 Nf6 5. Nc3 a6 6. Be2 e6 7. O-O Qc7 8. a4
Nc6 9. Be3 Be7 10. f4 O-O 11. Kh1 Re8 12. Bf3 Nxd4 13. Bxd4 e5 14. Be3 exf4 15.
Bxf4 Be6 16. Qd4 Nd7 17. Rad1 Ne5 18. Nd5 Bxd5 19. Qxd5 Bf8 20. Be2 Rac8 21. b3
Qc6 22. Bxe5 Qxd5 23. Rxd5 Rxe5 24. Rxe5 dxe5 25. Bc4 Rc7 26. Rd1 1/2-1/2

[Event "6I Torneo Ciudad de Pontevedra 2018"]
[Site "Pontevedra ESP"]
[Date "2018.08.13"]
[Round "8.29"]
[White "Puga Sanchez, Miguel"]
[Black "Bottazzi, Ulysse"]
[Result "1/2-1/2"]
[WhiteElo "2109"]
[BlackElo "1847"]
[PlyCount "94"]
[EventDate "2018.08.08"]
[EventType "swiss"]
[EventRounds "9"]
[EventCountry "ESP"]
[SourceTitle "Ajedrez en Madrid"]
[Source "lmi"]
[SourceDate "2018.08.08"]

1. e4 c5 2. Nf3 d6 3. d4 cxd4 4. Qxd4 a6 5. Bg5 Nc6 6. Qd2 g6 7. Nc3 Bg7 8. Be2
Nf6 9. Bh6 O-O 10. h4 b5 11. Bxg7 Kxg7 12. h5 e6 13. hxg6 fxg6 14. Qh6+ Kg8 15.
Ng5 Qc7 16. O-O-O b4 17. Na4 Ra7 18. Bc4 Nd8 19. Be2 Qa5 20. b3 Qe5 21. Kb1 Rc7
22. Rh4 Rg7 23. f4 Qa5 24. Rxd6 Qc7 25. Rd1 Bb7 26. Rxd8 Qxd8 27. Nxe6 Qe7 28.
Qxg7+ Qxg7 29. Nxg7 Kxg7 30. Nc5 Bc8 31. g4 Re8 32. Bf3 h6 33. e5 Nh7 34. Rh1
g5 35. Nd3 gxf4 36. Re1 a5 37. Nxf4 Ng5 38. Bc6 Re7 39. Nh5+ Kg6 40. Nf6 Ne6
41. Be4+ Kg5 42. Bf5 Bb7 43. Kc1 Nd4 44. Bd3 Nf3 45. Rf1 Rxe5 46. Nd7 Re7 47.
Nc5 Bc6 1/2-1/2

[Event "6I Torneo Ciudad de Pontevedra 2018"]
[Site "Pontevedra ESP"]
[Date "2018.08.13"]
[Round "8.30"]
[White "Gonzalez Perez, Jose Ramon"]
[Black "Uranga Odriozola, Inaki"]
[Result "1-0"]
[WhiteElo "2074"]
[BlackElo "1531"]
[PlyCount "37"]
[EventDate "2018.08.08"]
[EventType "swiss"]
[EventRounds "9"]
[EventCountry "ESP"]
[SourceTitle "Ajedrez en Madrid"]
[Source "lmi"]
[SourceDate "2018.08.08"]

1. e4 c5 2. d4 cxd4 3. c3 dxc3 4. Nxc3 Nc6 5. Nf3 g6 6. Bc4 Bg7 7. O-O d6 8.
Bf4 Nf6 9. h3 O-O 10. Qe2 Bd7 11. Rfd1 Qc7 12. Rac1 Rac8 13. Bh2 Rfe8 14. Bb3
Qb6 15. Qd2 Be6 16. Bxe6 fxe6 17. Ng5 e5 18. Nd5 Nxd5 19. Qxd5+ 1-0

[Event "6I Torneo Ciudad de Pontevedra 2018"]
[Site "Pontevedra ESP"]
[Date "2018.08.14"]
[Round "9.1"]
[White "Pena Gomez, Manuel"]
[Black "Demchenko, Anton"]
[Result "1/2-1/2"]
[WhiteElo "2483"]
[BlackElo "2670"]
[PlyCount "98"]
[EventDate "2018.08.08"]
[EventType "swiss"]
[EventRounds "9"]
[EventCountry "ESP"]
[SourceTitle "Ajedrez en Madrid"]
[Source "lmi"]
[SourceDate "2018.08.08"]

1. e4 c5 2. Nf3 d6 3. d4 cxd4 4. Nxd4 Nf6 5. Nc3 Nc6 6. Bg5 e6 7. Qd2 a6 8.
O-O-O Be7 9. f4 Bd7 10. Nf3 b5 11. Bxf6 gxf6 12. Kb1 Qb6 13. f5 O-O-O 14. g3
Kb8 15. fxe6 fxe6 16. Bh3 Na5 17. b3 Nb7 18. Nd4 b4 19. Na4 Bxa4 20. bxa4 Nc5
21. a5 Qb7 22. Rhe1 e5 23. Ne6 Na4 24. Nxd8 Rxd8 25. Be6 d5 26. Bxd5 Qc7 27.
Re3 Nc3+ 28. Ka1 Nxd1 29. Qxd1 Qxa5 30. c3 Qa3 31. Qb1 f5 32. Qb2 fxe4 33. Bxe4
Rd1+ 34. Bb1 Rc1 35. Rf3 e4 36. Rf7 Bd6 37. cxb4 Qe3 38. Qf6 Bc7 39. Qh8+ Kb7
40. Qe5 Kb8 41. Rf8+ Ka7 42. Rf7 Kb8 43. Rf8+ Ka7 44. Rf7 Qb6 45. Qxe4 Rc4 46.
Qe5 Kb8 47. Rf8+ Ka7 48. Rf7 Kb8 49. Rf8+ Ka7 1/2-1/2

[Event "6I Torneo Ciudad de Pontevedra 2018"]
[Site "Pontevedra ESP"]
[Date "2018.08.14"]
[Round "9.2"]
[White "Manolache, Marius"]
[Black "Venkatesh, M.R."]
[Result "1/2-1/2"]
[WhiteElo "2481"]
[BlackElo "2499"]
[PlyCount "64"]
[EventDate "2018.08.08"]
[EventType "swiss"]
[EventRounds "9"]
[EventCountry "ESP"]
[SourceTitle "Ajedrez en Madrid"]
[Source "lmi"]
[SourceDate "2018.08.08"]

1. d4 Nf6 2. Nf3 g6 3. g3 Bg7 4. Bg2 d6 5. O-O O-O 6. Nbd2 Nc6 7. e4 e5 8. d5
Ne7 9. a4 a5 10. c3 Bd7 11. Ne1 c6 12. c4 Ne8 13. Nd3 f5 14. Qb3 cxd5 15. cxd5
b5 16. axb5 Qb6 17. Ra3 Qxb5 18. Re1 Nf6 19. Qa2 fxe4 20. Nxe4 Nxe4 21. Bxe4
Nf5 22. Bd2 a4 23. b3 axb3 24. Qxb3 Qxb3 25. Rxb3 Nd4 26. Rb6 Bf5 27. Bb4 Bxe4
28. Rxe4 Rf3 29. Re3 Rxe3 30. fxe3 Ra1+ 31. Kg2 Ra2+ 32. Nf2 Nc2 1/2-1/2

[Event "6I Torneo Ciudad de Pontevedra 2018"]
[Site "Pontevedra ESP"]
[Date "2018.08.14"]
[Round "9.3"]
[White "Cori Quispe, Kevin Joel"]
[Black "Petkov, Vladimir"]
[Result "1-0"]
[WhiteElo "2480"]
[BlackElo "2494"]
[PlyCount "67"]
[EventDate "2018.08.08"]
[EventType "swiss"]
[EventRounds "9"]
[EventCountry "ESP"]
[SourceTitle "Ajedrez en Madrid"]
[Source "lmi"]
[SourceDate "2018.08.08"]

1. e4 e5 2. Nf3 Nc6 3. Bc4 Nf6 4. d3 Bc5 5. c3 a6 6. Bb3 d6 7. Nbd2 O-O 8. h3
Ba7 9. Nf1 Ne7 10. Ng3 Ng6 11. O-O h6 12. d4 exd4 13. cxd4 d5 14. e5 Ne4 15.
Bc2 Nxg3 16. fxg3 Be6 17. Be3 Qd7 18. g4 Rae8 19. b4 Qe7 20. a3 Bd7 21. Qd2 Bb5
22. Rf2 Bc4 23. Bxh6 gxh6 24. Qxh6 Bxd4 25. Nxd4 Qxe5 26. Bxg6 fxg6 27. Rxf8+
Rxf8 28. Qxg6+ Kh8 29. Qh6+ Kg8 30. Rd1 Rf6 31. Qd2 b6 32. Re1 Qf4 33. Re8+ Kf7
34. Rf8+ 1-0

[Event "6I Torneo Ciudad de Pontevedra 2018"]
[Site "Pontevedra ESP"]
[Date "2018.08.14"]
[Round "9.4"]
[White "Suarez Gomez, Julio"]
[Black "Martinez Duany, Lelys Stanley"]
[Result "1-0"]
[WhiteElo "2469"]
[BlackElo "2544"]
[PlyCount "127"]
[EventDate "2018.08.08"]
[EventType "swiss"]
[EventRounds "9"]
[EventCountry "ESP"]
[SourceTitle "Ajedrez en Madrid"]
[Source "lmi"]
[SourceDate "2018.08.08"]

1. e4 e5 2. Nc3 Nc6 3. g3 g6 4. Bg2 Bg7 5. Nge2 Nge7 6. O-O d6 7. d3 Be6 8. Nd5
O-O 9. c4 Qd7 10. Be3 f5 11. Qd2 Rf7 12. f4 fxe4 13. dxe4 Raf8 14. Rf2 b6 15.
Raf1 Na5 16. b3 c6 17. Nxe7+ Qxe7 18. Nc3 exf4 19. gxf4 Nb7 20. Ne2 Bd7 21. Nd4
Nc5 22. e5 Qe8 23. exd6 Ne4 24. Bxe4 Qxe4 25. Nf3 h6 26. Bd4 Bxd4 27. Nxd4 c5
28. Ne2 Bc6 29. Ng3 Qe6 30. Re1 Qg4 31. Re7 h5 32. Qe2 Qxe2 33. Rfxe2 h4 34.
Ne4 Rxf4 35. Nf2 Rd4 36. R2e6 Rf7 37. Rxg6+ Kf8 38. Rc7 Rxc7 39. dxc7 Bd7 40.
Kf1 Bc8 41. Rh6 Ke7 42. Ke2 Kd7 43. Rh7+ Kc6 44. Ke3 Kb7 45. Ne4 Bf5 46. Rxh4
Kxc7 47. Rf4 Bg6 48. Nxc5 bxc5 49. Rxd4 cxd4+ 50. Kxd4 Bh5 51. h4 Kc6 52. b4
Bd1 53. a3 a6 54. Ke5 Bh5 55. Kf6 Be2 56. c5 Kd7 57. Kg5 Ke6 58. h5 Bd3 59. h6
Bc2 60. a4 Kf7 61. b5 Bxa4 62. bxa6 Bc6 63. a7 Ba8 64. Kf5 1-0

[Event "6I Torneo Ciudad de Pontevedra 2018"]
[Site "Pontevedra ESP"]
[Date "2018.08.14"]
[Round "9.5"]
[White "Silva, Luis Neves Da"]
[Black "Ruck, Robert"]
[Result "0-1"]
[WhiteElo "2374"]
[BlackElo "2502"]
[PlyCount "112"]
[EventDate "2018.08.08"]
[EventType "swiss"]
[EventRounds "9"]
[EventCountry "ESP"]
[SourceTitle "Ajedrez en Madrid"]
[Source "lmi"]
[SourceDate "2018.08.08"]

1. Nf3 d5 2. g3 Nc6 3. d4 Bf5 4. Bg2 Nb4 5. Na3 e6 6. c3 Nc6 7. Nc2 Be7 8. O-O
Nf6 9. Nce1 h6 10. Nd3 O-O 11. Bf4 Ne4 12. Nd2 Nd6 13. f3 Bxd3 14. exd3 Nf5 15.
Qe2 Qd7 16. Rae1 Rae8 17. g4 Bh4 18. gxf5 exf5 19. Qd1 Bxe1 20. Rxe1 g5 21. Bg3
f4 22. Bf2 Rxe1+ 23. Qxe1 Re8 24. Qd1 Ne7 25. h4 f5 26. c4 c6 27. Qa4 Rd8 28.
Qxa7 g4 29. fxg4 fxg4 30. Qb6 f3 31. Bh1 Nf5 32. cxd5 g3 33. dxc6 gxf2+ 34.
Kxf2 bxc6 35. Nxf3 Qd6 36. Ne5 Rb8 37. Qa7 Rxb2+ 38. Kg1 Qxd4+ 39. Qxd4 Nxd4
40. Nxc6 Ne2+ 41. Kf2 Nc3+ 42. Ke3 Rxa2 43. Bf3 Rh2 44. h5 Kg7 45. Ne5 Rh4 46.
d4 Nb5 47. d5 Nd6 48. Nc6 Kf6 49. Kd2 Rh3 50. Ke2 Kg5 51. Ne5 Nf5 52. Kf2 Rh2+
53. Kg1 Ra2 54. Nd3 Rd2 55. Be4 Ng3 56. Nf2 Rxf2 0-1

[Event "6I Torneo Ciudad de Pontevedra 2018"]
[Site "Pontevedra ESP"]
[Date "2018.08.14"]
[Round "9.6"]
[White "Oratovsky, Michael"]
[Black "Estremera Panos, Sergio"]
[Result "1-0"]
[WhiteElo "2489"]
[BlackElo "2337"]
[PlyCount "70"]
[EventDate "2018.08.08"]
[EventType "swiss"]
[EventRounds "9"]
[EventCountry "ESP"]
[SourceTitle "Ajedrez en Madrid"]
[Source "lmi"]
[SourceDate "2018.08.08"]

1. e4 c5 2. Nf3 e6 3. g3 Nc6 4. Bg2 Nf6 5. d3 d5 6. Nbd2 g6 7. O-O Bg7 8. Re1
O-O 9. c3 a5 10. a4 b6 11. exd5 exd5 12. Nb3 Ra7 13. d4 c4 14. Ne5 Rc7 15. Nd2
Nxe5 16. dxe5 Nd7 17. Nf3 Nc5 18. Bg5 Qd7 19. Nd4 Nd3 20. e6 fxe6 21. Nxe6 Rf5
22. Nxc7 Rxg5 23. Nxd5 Nxe1 24. Qxe1 Re5 25. Qf1 b5 26. Nb6 Qd8 27. Nxc8 Qxc8
28. axb5 Rxb5 29. Qe2 Re5 30. Qd2 h5 31. h4 Kh7 32. Rd1 Qe6 33. Bf3 Qa6 34. Qc2
Rb5 35. Rd2 a4 1-0

[Event "6I Torneo Ciudad de Pontevedra 2018"]
[Site "Pontevedra ESP"]
[Date "2018.08.14"]
[Round "9.7"]
[White "Starostits, Ilmars"]
[Black "Merario Alarcon, Andres"]
[Result "1/2-1/2"]
[WhiteElo "2454"]
[BlackElo "2406"]
[PlyCount "74"]
[EventDate "2018.08.08"]
[EventType "swiss"]
[EventRounds "9"]
[EventCountry "ESP"]
[SourceTitle "Ajedrez en Madrid"]
[Source "lmi"]
[SourceDate "2018.08.08"]

1. d4 d5 2. Nf3 Nf6 3. c4 e6 4. g3 Bb4+ 5. Bd2 Be7 6. Bg2 O-O 7. O-O Nbd7 8.
Qc2 c6 9. Bf4 b6 10. cxd5 cxd5 11. Nc3 a6 12. Rfc1 Bb7 13. Qb3 Rc8 14. a4 Rc4
15. Na2 Rxc1+ 16. Rxc1 Qa8 17. Bc7 Qa7 18. Ne5 Rc8 19. Rc3 Nxe5 20. Bxb6 Qb8
21. dxe5 Qxe5 22. Bc5 Rxc5 23. Qxb7 Rxc3 24. Nxc3 Qd6 25. e4 dxe4 26. Bxe4 a5
27. Qa8+ Bd8 28. Bf3 g6 29. Nb5 Qd2 30. Qc8 Kg7 31. Qc3 Qxc3 32. Nxc3 Nd7 33.
Kf1 Bf6 34. Bc6 Nc5 35. Ke2 Bxc3 36. bxc3 e5 37. Ke3 f6 1/2-1/2

[Event "6I Torneo Ciudad de Pontevedra 2018"]
[Site "Pontevedra ESP"]
[Date "2018.08.14"]
[Round "9.8"]
[White "Nayhebaver, Martin"]
[Black "Pazos Porta, Antonio"]
[Result "1-0"]
[WhiteElo "2453"]
[BlackElo "2335"]
[PlyCount "57"]
[EventDate "2018.08.08"]
[EventType "swiss"]
[EventRounds "9"]
[EventCountry "ESP"]
[SourceTitle "Ajedrez en Madrid"]
[Source "lmi"]
[SourceDate "2018.08.08"]

1. e4 c5 2. Nf3 e6 3. d4 cxd4 4. Nxd4 a6 5. Bd3 Nf6 6. O-O Qc7 7. Qe2 d6 8. c4
Be7 9. Nc3 b6 10. Be3 Bb7 11. f4 Nbd7 12. b4 O-O 13. f5 e5 14. Nb3 d5 15. Nxd5
Nxd5 16. cxd5 Bxb4 17. Rf3 Rfc8 18. Rh3 Bf8 19. Qh5 Nf6 20. Qh4 Qc3 21. Bg5
Bc5+ 22. Kh1 Be7 23. Rd1 Qb4 24. Bxf6 Bxf6 25. Qxh7+ Kf8 26. Bxa6 Bxa6 27. d6
g5 28. Rh6 Bg7 29. f6 1-0